000 00204nam a22000737a 4500
999 _c24652
_d24652
003 NUST
005 20170607140535.0
008 140618b xxu||||| |||| 00| 0 eng d
020 _cAvailable
040 _aDLC
_bDLC
_cRCMS
082 _a670 DEF
100 _aDepartment of Defense
_92150
245 _aMilitary Handbook,Design to Cost
_cDepartment of Defense
260 _aWashington D. C
_bDepartment of Defense
_c25,April 1989
300 _a45,p:
_bill:
_c30,cm.
538 _iShelf No 1 Row No 3
650 _aEngineering Standard
_92167
856 _3Table of Content Only
942 _2ddc
_cBK